Countries by Letter - D - Statistics

General Stats
  • This quiz has been taken 52 times
  • The average score is 4 of 5
Answer Stats
Countries % Correct
Denmark
100%
Djibouti
94%
Dominica
94%
Dominican Republic
87%
Democratic Republic of the Congo
55%
No matching quizzes found
Score Distribution
Percent of People with Each Score
Percentile by Number Answered
Your Score History
You have not taken this quiz